Music Quiz

Random Music or Pixar Quiz
Score 0/168 Timer 10:00
10 Plays Today
% Correct
I
97.5%
I
97.5%
I
97.5%
a
97.5%
a
97.5%
a
97.5%
a
97.5%
a
97.5%
a
97.5%
a
97.5%
a
97.5%
a
97.5%
a
97.5%
a
97.5%
a
97.5%
the
94.2%
the
94.2%
the
94.2%
You
91.8%
you
91.5%
you
91.5%
you
91.5%
And
84.1%
and
84.1%
and
84.1%
and
84.1%
and
84.1%
and
84.1%
me
81.2%
me
81.2%
me
81.2%
me
81.2%
me
81.2%
me
81.2%
me
81.2%
me
81.2%
me
81.2%
me
81.2%
me
81.2%
me
81.2%
be
80.3%
in
79.3%
in
79.2%
in
79.2%
in
79.2%
in
79.2%
in
79.2%
in
79.2%
in
79.2%
in
79.2%
in
79.2%
in
79.2%
go
75.2%
We
72.3%
it
70.9%
do
70.5%
% Correct
do
70.5%
When
68.5%
love
68%
can
65.1%
will
63.6%
will
63.6%
got
62.4%
got
62.4%
got
62.4%
got
62.4%
got
62.4%
got
62.4%
got
62.4%
got
62.4%
got
62.4%
got
62.4%
got
62.4%
got
62.4%
got
62.4%
friend
61.8%
friend
61.8%
friend
61.8%
friend
61.8%
friend
61.8%
friend
61.8%
friend
61.8%
friend
61.8%
friend
61.8%
friend
61.8%
friend
61.8%
your
61.7%
your
61.7%
what
60.9%
for
60.9%
You've
60.6%
You've
60.6%
you've
60.6%
you've
60.6%
You've
60.6%
You've
60.6%
You've
60.6%
you've
60.6%
You've
60.6%
You've
60.6%
You've
60.6%
You've
60.6%
of
57.1%
There
55.5%
see
54.6%
see
54.6%
way
54.3%
too
53.8%
too
53.8%
am
50.7%
you're
49.4%
You're
49.4%
% Correct
From
49%
just
48.9%
as
48.8%
'em
48.2%
ever
45.6%
It's
45.5%
it's
45.5%
But
45.4%
them
45%
Our
44.7%
our
44.7%
never
43.4%
Some
42.1%
by
40.7%
Yeah,
40.1%
I've
39.5%
said
39.4%
old
39%
pal
37.4%
Boy,
37.1%
than
36.8%
bed
36.8%
nice
36.7%
warm
36.6%
remember
36.4%
road
36%
Boy,
35.9%
miles
35.8%
miles
35.8%
isn't
35%
ahead
34.8%
wouldn't
34.6%
'Cause
34.3%
anything
34%
gonna
33.9%
years
33.7%
none
33.4%
together
33.3%
little
33.3%
die
32.9%
rough
32.8%
troubles
32.6%
friendship
32.2%
might
32.1%
well
31.8%
through
31.6%
other
31.3%
looks
30.6%
stronger
29.9%
bit
29.7%
smarter
29%
Bigger
28.4%
folks
28.2%
destiny
28%
stick
26.4%
maybe
20.6%
Remove Ads.
Support Sporcle.
Get the best of Sporcle when you Go Orange. This ad-free experience offers more features, more stats, and more fun while also helping to support Sporcle. Thank you for becoming a member.

You're not logged in!

Compare scores with friends on all Sporcle quizzes.
OR
Log In

Show Comments

Extras

Top Quizzes Today


Score Distribution

Your Account Isn't Verified!

In order to create a playlist on Sporcle, you need to verify the email address you used during registration. Go to your Sporcle Settings to finish the process.

Report this User

Report this user for behavior that violates our Community Guidelines.

Details: